[Event "Strmilov 2004"]
[Site "?"]
[Date "2004.05.05"]
[Round "1"]
[White "Blazek, Jiri"]
[Black "Steinhauser, Antonin"]
[Result "1-0"]
[WhiteElo "2173"]
[BlackElo "1714"]
[PlyCount "52"]

1. d4 Nf6 2. c4 g6 3. Nc3 Bg7 4. e4 d6 5. Be2 O-O 6. Bg5 h6 7. Be3 e5 8. d5 Ne8
9. Qd2 Kh7 10. g4 c6 11. h4 f5 12. exf5 gxf5 13. gxf5 Bxf5 14. Nf3 Na6 15. h5
Nb4 16. Rc1 Nf6 17. Nh4 Qd7 18. a3 Na6 19. dxc6 Qxc6 20. Rg1 Ne4 21. Nxe4 Qxe4
22. Nxf5 Qxf5 23. Qxd6 Rf6 24. Qd5 Qe6 25. Qxb7 Rg8 26. Bd3+ Kh8 1-0

[Event "Strmilov 2004"]
[Site "?"]
[Date "2004.05.05"]
[Round "1"]
[White "Cifka, Stanislav"]
[Black "Petkov, Andon"]
[Result "1-0"]
[WhiteElo "2262"]
[BlackElo "1770"]
[PlyCount "73"]

1. d4 Nf6 2. c4 e6 3. g3 d5 4. Nf3 c6 5. Qc2 Nbd7 6. Bg2 Bd6 7. O-O O-O 8. b3
Qe7 9. Nc3 dxc4 10. bxc4 e5 11. e3 Re8 12. Bb2 exd4 13. exd4 Nf8 14. Rfe1 Qd8
15. Rxe8 Qxe8 16. Re1 Qd8 17. d5 Bd7 18. Nd4 Qc7 19. dxc6 bxc6 20. Ncb5 Qa5 21.
Bc3 Bb4 22. Bxc6 Bxc3 23. Qxc3 Qxc3 24. Nxc3 Bxc6 25. Nxc6 Ne6 26. Rb1 Kf8 27.
Nd5 Ne4 28. Rb7 Nd2 29. Ne3 a5 30. Ne5 Ng5 31. Kg2 Nde4 32. h4 Nc5 33. Rc7 Nce6
34. Rd7 Ke8 35. hxg5 f6 36. gxf6 gxf6 37. Nd5 1-0

[Event "Strmilov 2004"]
[Site "?"]
[Date "2004.05.05"]
[Round "1"]
[White "Divis, Jan"]
[Black "Dolezal, Jiri"]
[Result "0-1"]
[WhiteElo "1717"]
[BlackElo "2222"]
[PlyCount "60"]

1. d4 Nf6 2. c4 e6 3. Nc3 Bb4 4. Qc2 c5 5. Nf3 cxd4 6. Nxd4 Nc6 7. Nxc6 bxc6 8.
a3 Be7 9. g3 O-O 10. Bg2 Ba6 11. b3 d5 12. cxd5 cxd5 13. O-O Rc8 14. Qd2 Qc7
15. Bb2 Rfd8 16. Rfc1 Qb6 17. b4 Bc4 18. Nd1 Qb5 19. e3 Qb8 20. Qe1 Nd7 21. Bf1
Ne5 22. Bxe5 Qxe5 23. Bxc4 dxc4 24. Rc3 Bf6 25. Rac1 Qd5 26. R3c2 Qd3 27. Nc3
h6 28. Qe2 Bxc3 29. Qxd3 cxd3 30. Rxc3 Rxc3 0-1

[Event "Strmilov 2004"]
[Site "?"]
[Date "2004.05.05"]
[Round "1"]
[White "Gross, David"]
[Black "Steinhauser, Frantisek"]
[Result "1-0"]
[WhiteElo "2413"]
[BlackElo "1775"]
[PlyCount "45"]

1. e4 c5 2. Nf3 d6 3. d4 cxd4 4. Nxd4 Nf6 5. Nc3 g6 6. Be3 Bg7 7. f3 O-O 8. Qd2
Nc6 9. O-O-O d5 10. exd5 Nxd5 11. Nxc6 bxc6 12. Nxd5 cxd5 13. Bh6 Bf5 14. g4
Be6 15. h4 Qb6 16. Bxg7 Kxg7 17. h5 Rh8 18. g5 Rhc8 19. Bd3 Rab8 20. b3 Qd4 21.
Kb1 Qc3 22. Qh2 Rh8 23. h6+ 1-0

[Event "Strmilov 2004"]
[Site "?"]
[Date "2004.05.05"]
[Round "1"]
[White "Hadrava, Jaroslav"]
[Black "Cvek, Robert"]
[Result "0-1"]
[WhiteElo "1864"]
[BlackElo "2467"]
[PlyCount "60"]

1. e4 c5 2. Nc3 Nc6 3. g3 g6 4. Bg2 Bg7 5. f4 e6 6. Nf3 Nge7 7. O-O O-O 8. d3
Rb8 9. Be3 Nd4 10. Rb1 d5 11. Ne2 Nxf3+ 12. Bxf3 b6 13. c3 Ba6 14. Qc2 dxe4 15.
dxe4 Bd3 16. Qc1 Bxb1 17. Qxb1 Qc7 18. Kg2 Rbd8 19. h4 h5 20. g4 hxg4 21. Bxg4
f5 22. Bf3 fxe4 23. Qxe4 Nf5 24. Qxe6+ Qf7 25. Qxf7+ Rxf7 26. Bf2 Rd2 27. b4
cxb4 28. cxb4 Re7 29. Re1 Bf6 30. Kh3 Bxh4 0-1

[Event "Strmilov 2004"]
[Site "?"]
[Date "2004.05.05"]
[Round "1"]
[White "Havlik, Jan"]
[Black "Prochazka, Pavel"]
[Result "1-0"]
[WhiteElo "2121"]
[BlackElo "1643"]
[PlyCount "33"]

1. e4 e5 2. Nf3 Nf6 3. Bb5 Nc6 4. O-O Nxe4 5. d4 Nd6 6. Bxc6 dxc6 7. dxe5 Nf5
8. Qxd8+ Kxd8 9. Nc3 Be7 10. Ne4 Be6 11. Bg5 f6 12. exf6 gxf6 13. Bxf6 Bxf6 14.
Nxf6 Ke7 15. Ne4 Rhg8 16. Rfe1 Bd5 17. Rad1 1-0

[Event "Strmilov 2004"]
[Site "?"]
[Date "2004.05.05"]
[Round "1"]
[White "Havluj, Zdenek"]
[Black "Malirsky, Josef"]
[Result "1-0"]
[WhiteElo "1958"]
[BlackElo "1477"]
[PlyCount "37"]

1. e4 c5 2. Nf3 Nf6 3. Nc3 e6 4. e5 Nd5 5. Nxd5 exd5 6. d4 Nc6 7. dxc5 Bxc5 8.
Qxd5 d6 9. exd6 Qb6 10. Qe4+ Be6 11. d7+ Kf8 12. Be3 Bxd7 13. Bxc5+ Qxc5 14.
O-O-O Re8 15. Qc4 Qxf2 16. Rxd7 Qe3+ 17. Kd1 Re6 18. Bd3 Ke8 19. Rxb7 1-0

[Event "Strmilov 2004"]
[Site "?"]
[Date "2004.05.05"]
[Round "1"]
[White "Horak, Karel"]
[Black "Snorek, Milan"]
[Result "1/2-1/2"]
[WhiteElo "1709"]
[BlackElo "2164"]
[PlyCount "41"]

1. d4 d5 2. c4 dxc4 3. Nf3 Nf6 4. Nc3 e6 5. e4 Bb4 6. Bg5 c5 7. Bxc4 cxd4 8.
Nxd4 Bxc3+ 9. bxc3 Qa5 10. Bb5+ Bd7 11. Bxf6 gxf6 12. Qb3 a6 13. Bxd7+ Nxd7 14.
Nxe6 fxe6 15. Qxe6+ Kd8 16. Rd1 Qxc3+ 17. Ke2 Qb2+ 18. Ke3 Qc3+ 19. Ke2 Qb2+
20. Ke3 Qc3+ 21. Ke2 1/2-1/2

[Event "Strmilov 2004"]
[Site "?"]
[Date "2004.05.05"]
[Round "1"]
[White "Hornak, Ivan"]
[Black "Hruby, Milan"]
[Result "0-1"]
[WhiteElo "1623"]
[BlackElo "2108"]
[PlyCount "72"]

1. d4 d5 2. Bf4 Nf6 3. e3 Bf5 4. Nf3 e6 5. c4 c6 6. Nbd2 Be7 7. h3 Nbd7 8. Be2
O-O 9. O-O h6 10. Nb3 Re8 11. c5 a5 12. Ne5 Nxe5 13. Bxe5 b6 14. cxb6 Qxb6 15.
Qc1 Nd7 16. Bg3 Rec8 17. Rd1 a4 18. Nc5 Nxc5 19. dxc5 Bxc5 20. Bd3 Bxd3 21.
Rxd3 Be7 22. Qc2 c5 23. Rad1 c4 24. R3d2 Bf6 25. a3 Qb3 26. Bd6 Ra6 27. Bb4
Rac6 28. Rc1 c3 29. bxc3 Bxc3 30. Rd3 Bxb4 31. Rxb3 axb3 32. Qxb3 Rxc1+ 33. Kh2
Bd6+ 34. g3 Ra8 35. a4 Ra1 36. Qb6 Bf8 0-1

[Event "Strmilov 2004"]
[Site "?"]
[Date "2004.05.05"]
[Round "1"]
[White "Janecek, Josef"]
[Black "Novak, Rudolf"]
[Result "1-0"]
[WhiteElo "2099"]
[BlackElo "1557"]
[PlyCount "55"]

1. e4 c5 2. Nf3 d6 3. d4 cxd4 4. Nxd4 Nf6 5. Nc3 Nc6 6. Bc4 e6 7. Bb3 Be7 8.
Be3 Bd7 9. Qe2 O-O 10. O-O-O Na5 11. f4 Nxb3+ 12. axb3 a6 13. g4 Rc8 14. g5
Rxc3 15. gxf6 Bxf6 16. bxc3 Qa5 17. Qc4 b5 18. Qb4 Qc7 19. Ne2 Be7 20. e5 Qb7
21. Qd4 d5 22. Rhg1 f5 23. Ng3 Ba3+ 24. Kb1 Be8 25. Qa7 Qc8 26. Nxf5 Rf7 27.
Rxg7+ Kf8 28. Rdg1 1-0

[Event "Strmilov 2004"]
[Site "?"]
[Date "2004.05.05"]
[Round "1"]
[White "Kellner, Petr"]
[Black "Ruzicka, Tomas"]
[Result "0-1"]
[WhiteElo "1972"]
[BlackElo "1519"]
[PlyCount "136"]

1. d4 d5 2. c4 e6 3. Nc3 Nf6 4. Bg5 Be7 5. cxd5 Nxd5 6. Bxe7 Nxe7 7. e3 O-O 8.
Bd3 b6 9. Qh5 f5 10. O-O-O Bb7 11. Nf3 Nd7 12. Bc4 Bd5 13. Bxd5 exd5 14. Ng5
Nf6 15. Qf3 Qd7 16. h4 h6 17. Nh3 Qe8 18. Nf4 Qf7 19. h5 c6 20. Nd3 Nd7 21. Qh3
c5 22. f3 c4 23. Nf4 Nf6 24. Rdg1 Nh7 25. g4 Ng5 26. Qg2 Rad8 27. Rf1 Kh7 28.
Nfe2 fxg4 29. f4 Ne6 30. Qxg4 Nf5 31. Qf3 Ne7 32. Ng3 a6 33. Re1 b5 34. a3 Rd7
35. Qg2 Nf5 36. Qc2 Kh8 37. Nf1 Nfxd4 38. exd4 Qxf4+ 39. Nd2 Nxd4 40. Qd1 Nb3+
41. Kc2 Qf5+ 42. Nce4 dxe4 43. Rhf1 Rxd2+ 44. Qxd2 Nxd2 45. Rxf5 Rxf5 46. Kxd2
Re5 47. Kc3 Kg8 48. Kb4 Kf7 49. Ka5 Re6 50. Rf1+ Ke7 51. Ra1 Kf6 52. a4 bxa4
53. Kb4 e3 54. Kxc4 e2 55. Re1 Kg5 56. Kd3 Kxh5 57. Kd2 g5 58. Rh1+ Kg6 59. Ke1
h5 60. Rh2 g4 61. Rf2 Kg5 62. Rf8 h4 63. Rg8+ Kf4 64. Rd8 h3 65. Rd4+ Re4 66.
Rd8 h2 67. Rh8 Kg3 68. b3 axb3 0-1

[Event "Strmilov 2004"]
[Site "?"]
[Date "2004.05.05"]
[Round "1"]
[White "Lechtynsky, Jiri"]
[Black "Trepka, Jan"]
[Result "1-0"]
[WhiteElo "2431"]
[BlackElo "1855"]
[PlyCount "79"]

1. e4 c6 2. d4 d5 3. exd5 cxd5 4. c4 Nf6 5. Nc3 g6 6. cxd5 Bg7 7. Bb5+ Bd7 8.
Bc4 O-O 9. Qb3 b5 10. Bxb5 Bxb5 11. Qxb5 Nbd7 12. Bf4 Nb6 13. Be5 Nfxd5 14.
Bxg7 Kxg7 15. Nge2 e6 16. O-O Rb8 17. Qd3 Nb4 18. Qg3 Kg8 19. Rfd1 N6d5 20. Rd2
Qa5 21. h4 Rbc8 22. Re1 Nxc3 23. Nxc3 Nd5 24. Qe5 Rfd8 25. h5 Qb4 26. a3 Qf8
27. Ne4 Qg7 28. hxg6 hxg6 29. b4 Rd7 30. g3 Qxe5 31. dxe5 Rdc7 32. Kg2 Nc3 33.
Nf6+ Kf8 34. Re3 Kg7 35. Red3 Nb1 36. Rd1 Nc3 37. Rh1 Rh8 38. Rxh8 Kxh8 39.
Rd8+ Kg7 40. Ne8+ 1-0

[Event "Strmilov 2004"]
[Site "?"]
[Date "2004.05.05"]
[Round "1"]
[White "Nemecky, Jan"]
[Black "Muzikar, Jan"]
[Result "0-1"]
[WhiteElo "1489"]
[BlackElo "1970"]
[PlyCount "88"]

1. e4 d6 2. Nc3 Nf6 3. d3 c5 4. g3 g6 5. Bg2 Bg7 6. Nf3 Nc6 7. O-O Bg4 8. h3
Bxf3 9. Bxf3 Nd4 10. Bg2 O-O 11. Be3 Qd7 12. Bxd4 cxd4 13. Ne2 e5 14. g4 Rac8
15. Rc1 Rc5 16. c4 Bh6 17. Rb1 Ne8 18. b4 Rc7 19. Ng3 Ng7 20. a4 Ne6 21. Ne2
Qe7 22. a5 Kh8 23. b5 Rc5 24. Kh1 Qh4 25. Ng1 Bf4 26. Nf3 Qh6 27. Kg1 Rg8 28.
Qe2 Bg5 29. Nxg5 Qxg5 30. a6 b6 31. Rbd1 Rcc8 32. Qf3 Nf4 33. Rfe1 h5 34. Kf1
Rg7 35. Qg3 Rh7 36. f3 Rf8 37. h4 Qe7 38. g5 f5 39. Kg1 Rhf7 40. Kh2 fxe4 41.
fxe4 Nxg2 42. Kxg2 Rf4 43. Qh3 Rg4+ 44. Kh2 Rff4 0-1

[Event "Strmilov 2004"]
[Site "?"]
[Date "2004.05.05"]
[Round "1"]
[White "Odehnalova, Andrea"]
[Black "Bartos, Alois"]
[Result "0-1"]
[WhiteElo "1553"]
[BlackElo "2015"]
[PlyCount "109"]

1. e4 c5 2. f4 Nc6 3. Nf3 g6 4. Nc3 Bg7 5. Be2 d6 6. d3 e6 7. Bd2 Nge7 8. O-O
O-O 9. Qe1 a6 10. Rb1 b5 11. a3 b4 12. axb4 cxb4 13. Nd1 a5 14. Ne3 Qc7 15. Qh4
f5 16. Rfc1 a4 17. c3 a3 18. bxa3 bxa3 19. Ra1 fxe4 20. dxe4 Ra4 21. Ng4 Rxe4
22. Ng5 h5 23. Nxe4 hxg4 24. Ng5 Rf6 25. Rxa3 Qb6+ 26. Kh1 Qb2 27. Ne4 Qxa3 28.
Nxf6+ Kf7 29. Nxg4 Nf5 30. Qf2 Qa2 31. Bd3 Nce7 32. Bxf5 gxf5 33. Ne3 Bb7 34.
Kg1 Be4 35. Qe2 Ng6 36. g3 Qa7 37. Kf1 Ba8 38. Rb1 Qa2 39. Re1 Bb7 40. Kg1 Be4
41. Nc4 Bf8 42. Qe3 Be7 43. Qe2 Qa8 44. Bc1 Qd5 45. Rd1 Qc6 46. Nd2 Bc2 47. Re1
Nf8 48. c4 Qc5+ 49. Qf2 Qc6 50. Bb2 d5 51. cxd5 Qxd5 52. Nf1 Bc5 53. Ne3 Qe4
54. Qe2 Ba4 55. Qh5+ 0-1

[Event "Strmilov 2004"]
[Site "?"]
[Date "2004.05.05"]
[Round "1"]
[White "Pahorecky, Jiri"]
[Black "Ducho, Pavel"]
[Result "1-0"]
[WhiteElo "1946"]
[BlackElo "1471"]
[PlyCount "113"]

1. e4 e5 2. Nf3 Nc6 3. Bb5 a6 4. Ba4 b5 5. Bb3 d6 6. O-O Nf6 7. Re1 Be7 8. c3
O-O 9. h3 Be6 10. d4 Bxb3 11. Qxb3 h6 12. Nbd2 Re8 13. Nf1 Bf8 14. dxe5 dxe5
15. Rd1 Qc8 16. Qc2 Qb7 17. Ng3 Rad8 18. Be3 Nb8 19. Rxd8 Rxd8 20. Rd1 Rxd1+
21. Qxd1 Nbd7 22. Nh4 c5 23. Nhf5 Qc6 24. f3 c4 25. Nf1 Kh7 26. Qd2 Bc5 27. Kh1
Bxe3 28. N1xe3 Qc7 29. Nxg7 Ng8 30. Ngf5 Ndf6 31. Nd5 Nxd5 32. Qxd5 Nf6 33. Qd6
Qxd6 34. Nxd6 Kg6 35. a4 Nd7 36. axb5 axb5 37. Nxb5 Nb6 38. Na3 f5 39. exf5+
Kxf5 40. Kg1 Kf4 41. Kf2 e4 42. g3+ Ke5 43. f4+ Kd5 44. Ke3 Na4 45. Nxc4 Kxc4
46. Kxe4 Nxb2 47. f5 Na4 48. f6 Nb6 49. Ke5 Nd7+ 50. Ke6 Nf8+ 51. Kf7 Nd7 52.
Ke7 Ne5 53. f7 Nxf7 54. Kxf7 Kxc3 55. Kg6 Kd4 56. Kxh6 Ke3 57. g4 1-0

[Event "Strmilov 2004"]
[Site "?"]
[Date "2004.05.05"]
[Round "1"]
[White "Rodling, Robert"]
[Black "Klima, Lukas"]
[Result "0-1"]
[WhiteElo "1830"]
[BlackElo "2426"]
[PlyCount "58"]

1. f4 d5 2. Nf3 c6 3. e3 Bg4 4. h3 Bxf3 5. Qxf3 Nd7 6. b3 Qc7 7. Bb2 Ngf6 8. d3
e5 9. Nd2 Bd6 10. f5 e4 11. dxe4 Bg3+ 12. Kd1 Be5 13. c3 O-O 14. g4 Rfd8 15.
Kc2 Nc5 16. exd5 cxd5 17. Qe2 Nce4 18. Nb1 Ng3 19. Qg2 Nxh1 20. Qxh1 Ne4 21.
Bg2 Rac8 22. Bxe4 dxe4 23. a4 Qd6 24. Qf1 Bxc3 25. Bxc3 Rxc3+ 26. Kxc3 Rc8+ 27.
Kb2 Qe5+ 28. Ka2 Rc2+ 29. Ka3 Qc5+ 0-1

[Event "Strmilov 2004"]
[Site "?"]
[Date "2004.05.05"]
[Round "1"]
[White "Ruzicka, Ales"]
[Black "Beter, Arnost"]
[Result "0-1"]
[WhiteElo "1464"]
[BlackElo "1941"]
[PlyCount "100"]

1. e4 c6 2. d4 d5 3. Nc3 dxe4 4. Nxe4 Bf5 5. Ng3 Bg6 6. h4 h6 7. Nf3 Nd7 8. Bd3
Bxd3 9. Qxd3 Ngf6 10. Bd2 e6 11. O-O-O Be7 12. Ne4 Nxe4 13. Qxe4 Nf6 14. Qe2
Qd5 15. c4 Qe4 16. Qxe4 Nxe4 17. Be3 Nf6 18. Ne5 Rd8 19. h5 Ne4 20. g4 Bf6 21.
Nf3 O-O 22. Nd2 Nd6 23. b3 b5 24. c5 Nc8 25. Ne4 Be7 26. f3 Kh7 27. g5 Rd5 28.
gxh6 gxh6 29. Rdg1 Rf5 30. Rg3 Rg8 31. Rxg8 Kxg8 32. Bxh6 Rxf3 33. Rg1+ Kh7 34.
Ng5+ Bxg5+ 35. Bxg5 f6 36. Bd2 Ne7 37. Re1 Nf5 38. Rxe6 Nxd4 39. Re7+ Kg8 40.
Rxa7 Rh3 41. h6 Nf3 42. Ra8+ Kf7 43. Ra7+ Kg6 44. Rg7+ Kf5 45. h7 Rh1+ 46. Kc2
Rh2 47. Rd7 Nxd2 48. Rxd2 Rxh7 49. Rd6 Rc7 50. a4 bxa4 0-1

[Event "Strmilov 2004"]
[Site "?"]
[Date "2004.05.05"]
[Round "1"]
[White "Ruzicka, Vojtech"]
[Black "Piza, Vlastimil"]
[Result "0-1"]
[WhiteElo "1772"]
[BlackElo "2278"]
[PlyCount "80"]

1. e4 d6 2. d4 Nf6 3. Bd3 g6 4. Be3 Bg7 5. Nd2 Ng4 6. h3 Nxe3 7. fxe3 O-O 8.
Qf3 c5 9. Ne2 Qb6 10. Nc4 Qc7 11. c3 b5 12. Nd2 a6 13. O-O Nc6 14. Nf4 e6 15.
Qg3 b4 16. h4 bxc3 17. bxc3 Ne7 18. Be2 Bb7 19. h5 e5 20. dxe5 dxe5 21. Nd3
Rad8 22. c4 gxh5 23. Qg5 Rd6 24. Rf3 f5 25. Raf1 Rg6 26. Qh4 Rgf6 27. Rh3 Rh6
28. Bxh5 Qd6 29. Qg5 fxe4 30. Rg3 Ng6 31. Rxf8+ Kxf8 32. Qf5+ Ke7 33. Bxg6 Rxg6
34. Rxg6 hxg6 35. Qg5+ Kf7 36. Nxc5 Qxc5 37. Qd8 Qxe3+ 38. Kh2 Qf4+ 39. Kg1 Bf8
40. Qd7+ Kg8 0-1

[Event "Strmilov 2004"]
[Site "?"]
[Date "2004.05.05"]
[Round "1"]
[White "Steinhauser, Dominik"]
[Black "Spal, Milan"]
[Result "0-1"]
[WhiteElo "1753"]
[BlackElo "2233"]
[PlyCount "76"]

1. e4 g6 2. d4 c6 3. Nc3 d5 4. Nf3 Bg4 5. exd5 cxd5 6. Be2 Nc6 7. O-O e6 8. Be3
Bg7 9. b3 Nge7 10. h3 Bxf3 11. Bxf3 Nf5 12. Ne2 Nh4 13. Kh2 Nxf3+ 14. gxf3 O-O
15. c3 b5 16. Rg1 Qc7+ 17. Bf4 e5 18. Bg3 Rad8 19. Rc1 Rfe8 20. Qd3 Qb6 21.
dxe5 Nxe5 22. Bxe5 Bxe5+ 23. Kg2 a6 24. Nd4 Qf6 25. Kf1 b4 26. Ne2 bxc3 27.
Nxc3 Rc8 28. Ne2 Rxc1+ 29. Nxc1 Qe6 30. Rh1 Bf6 31. Ne2 d4 32. Nf4 Qe5 33. Ne2
a5 34. Ng3 Bh4 35. Ne4 f5 36. Qc4+ Kg7 37. Ng3 Bxg3 38. fxg3 Qe1+ 0-1

[Event "Strmilov 2004"]
[Site "?"]
[Date "2004.05.05"]
[Round "1"]
[White "Volf, Miloslav"]
[Black "Karlicek, Pavel"]
[Result "0-1"]
[WhiteElo "1475"]
[BlackElo "1953"]
[PlyCount "78"]

1. e4 d5 2. exd5 Nf6 3. d4 Qxd5 4. c4 Qe4+ 5. Be3 e5 6. Nc3 Bb4 7. Qa4+ Nc6 8.
d5 Nxd5 9. cxd5 Bxc3+ 10. bxc3 Qxa4 11. dxc6 Qxc6 12. Rc1 Bg4 13. f3 Be6 14.
Ne2 O-O 15. Ng3 f5 16. Bf2 Bc4 17. Be2 f4 18. Bxc4+ Qxc4 19. Ne4 Rfd8 20. Bh4
Rd7 21. Kf2 Qxa2+ 22. Kg1 Qe2 23. h3 Rd1+ 24. Rxd1 Qxd1+ 25. Kh2 Qc2 26. Rf1 a5
27. Rf2 Qb3 28. Rd2 a4 29. Rd7 Qe6 30. Re7 Qf5 31. Rxc7 a3 32. Nd6 Qe6 33. Nxb7
a2 34. Nd8 Rxd8 35. Bxd8 a1=Q 36. Bh4 Qb6 37. Bf2 Qxf2 38. Rc8+ Kf7 39. Rc7+
Ke6 0-1

[Event "Strmilov 2004"]
[Site "?"]
[Date "2004.05.05"]
[Round "1"]
[White "Vybiral, Zdenek"]
[Black "Pahorecky, Jiri"]
[Result "1-0"]
[WhiteElo "2233"]
[BlackElo "1752"]
[PlyCount "75"]

1. Nf3 Nf6 2. c4 e6 3. Nc3 d5 4. d4 c6 5. cxd5 exd5 6. Bg5 Be7 7. Qc2 O-O 8. e3
Nbd7 9. Bd3 h6 10. Bf4 Re8 11. O-O-O Nf8 12. h3 Bd6 13. Ne5 a6 14. g4 c5 15. h4
cxd4 16. exd4 Nxg4 17. Nxd5 Nxe5 18. dxe5 Rxe5 19. Bxe5 Bxe5 20. Kb1 Bg4 21.
Be2 Rc8 22. Qe4 Bxe2 23. Qxe2 Bf6 24. Qf3 Rc6 25. h5 Qc8 26. Qxf6 gxf6 27. Ne7+
Kg7 28. Nxc8 Rxc8 29. Rhg1+ Kh8 30. Rd6 Ne6 31. Rd7 Rc7 32. Rxc7 Nxc7 33. Kc2
Ne6 34. Kd3 Nf4+ 35. Ke4 Nh3 36. Rg2 Ng5+ 37. Kf5 Nh7 38. f4 1-0

[Event "Strmilov 2004"]
[Site "?"]
[Date "2004.05.05"]
[Round "2"]
[White "Bartos, Alois"]
[Black "Lechtynsky, Jiri"]
[Result "0-1"]
[WhiteElo "2015"]
[BlackElo "2431"]
[PlyCount "82"]

1. e4 c6 2. d4 d5 3. exd5 cxd5 4. c4 Nf6 5. Nc3 e6 6. a3 Be7 7. Nf3 O-O 8. c5
Ne4 9. Qc2 f5 10. Bd3 Nc6 11. O-O Bf6 12. Ne2 g5 13. Qa4 Bd7 14. Bb5 Qe7 15.
Rd1 Qg7 16. Bxc6 Bxc6 17. Qc2 h6 18. a4 a5 19. Ra3 f4 20. Rad3 Rac8 21. b3 b6
22. Ba3 Bb7 23. Nd2 Nd6 24. Rc3 bxc5 25. Rxc5 Ba6 26. Nf3 Ne4 27. Rxc8 Rxc8 28.
Bc5 Qh7 29. Rc1 Nxc5 30. dxc5 Qxc2 31. Rxc2 Bd3 32. Rd2 Be4 33. Nfd4 e5 34. Nb5
Rxc5 35. f3 Rc2 36. Rd1 Rxe2 37. fxe4 dxe4 38. Nc3 Rb2 39. Nxe4 Be7 40. Rd5 Bb4
41. Rxe5 Rxb3 0-1

[Event "Strmilov 2004"]
[Site "?"]
[Date "2004.05.05"]
[Round "2"]
[White "Beter, Arnost"]
[Black "Cifka, Stanislav"]
[Result "0-1"]
[WhiteElo "1941"]
[BlackElo "2262"]
[PlyCount "129"]

1. e4 e6 2. d4 d5 3. Nd2 c5 4. exd5 Qxd5 5. Ngf3 cxd4 6. Bc4 Qd6 7. O-O Nf6 8.
Nb3 Nc6 9. Nbxd4 Nxd4 10. Qxd4 Qxd4 11. Nxd4 Bd7 12. Bf4 Rc8 13. Bb3 Bc5 14.
Rad1 O-O 15. Rfe1 Rfd8 16. Nf3 Be8 17. Ne5 Ne4 18. Bg3 Nxg3 19. hxg3 Kf8 20.
Nd3 Be7 21. c3 a5 22. Bc2 Rc6 23. Ne5 Rc5 24. Nf3 Rcd5 25. Bb3 Rxd1 26. Rxd1
Rc8 27. a3 Bf6 28. Bc2 Ke7 29. Kf1 b5 30. Bd3 Rb8 31. Rd2 e5 32. Re2 Ke6 33. g4
h6 34. Bf5+ Kd5 35. Nd2 g6 36. Bb1 Bg7 37. Ba2+ Kc6 38. Nf3 Kd6 39. Rd2+ Ke7
40. Rd5 Rd8 41. Rxd8 Kxd8 42. Nd2 Kc7 43. Bb1 Bd7 44. f3 Be6 45. Ke2 Kb6 46.
Ke3 f5 47. gxf5 gxf5 48. Bd3 h5 49. Ke2 Bh6 50. Kd1 h4 51. Bc2 Bd7 52. Nb3 Bg5
53. Bd3 Be6 54. Na1 Kc5 55. Nc2 Bd7 56. b4+ Kb6 57. c4 bxc4 58. Bxc4 Bc6 59.
bxa5+ Kxa5 60. Nb4 Ba8 61. Bd5 Bxd5 62. Nxd5 Ka4 63. Kc2 Kxa3 64. Nc7 f4 65.
Ne8 0-1

[Event "Strmilov 2004"]
[Site "?"]
[Date "2004.05.05"]
[Round "2"]
[White "Cvek, Robert"]
[Black "Janecek, Josef"]
[Result "1-0"]
[WhiteElo "2467"]
[BlackElo "2099"]
[PlyCount "55"]

1. Nf3 Nf6 2. c4 g6 3. Nc3 Bg7 4. e4 d6 5. d4 O-O 6. Be2 e5 7. d5 a5 8. Bg5 h6
9. Bh4 Na6 10. Nd2 Bd7 11. a3 Qe8 12. b3 Nc5 13. O-O Nh7 14. f3 f5 15. Qc2 f4
16. b4 axb4 17. axb4 Na4 18. Nb5 Bxb5 19. cxb5 Nb6 20. Qxc7 Rxa1 21. Rxa1 Nc8
22. Ra8 g5 23. Bf2 h5 24. Nc4 Qxb5 25. Rxc8 Rxc8 26. Qxc8+ Bf8 27. Qc7 Qxb4 28.
Bf1 1-0

[Event "Strmilov 2004"]
[Site "?"]
[Date "2004.05.05"]
[Round "2"]
[White "Dolezal, Jiri"]
[Black "Hejl, Jaroslav"]
[Result "1/2-1/2"]
[WhiteElo "2222"]
[BlackElo "1872"]
[PlyCount "112"]

1. d4 d5 2. c4 Nc6 3. e3 e5 4. dxe5 d4 5. exd4 Qxd4 6. Qxd4 Nxd4 7. Bd3 Bg4 8.
f3 Be6 9. Ne2 O-O-O 10. Nxd4 Rxd4 11. Ke2 Bxc4 12. Bxc4 Rxc4 13. Nc3 Bb4 14.
Bd2 Ne7 15. Rac1 Nc6 16. b3 Rc5 17. f4 Rd8 18. Ne4 Nd4+ 19. Kf2 Rxc1 20. Bxc1
Ne6 21. Be3 Rd5 22. Rc1 b6 23. Rc4 Be7 24. f5 Nd8 25. Bf4 Nb7 26. g4 Nc5 27.
Kf3 Kb7 28. g5 Nd3 29. f6 gxf6 30. gxf6 Bf8 31. e6 Nxf4 32. e7 Bxe7 33. fxe7
Re5 34. Kxf4 Rxe7 35. h4 a5 36. a4 Rd7 37. Rc3 c6 38. h5 Rd4 39. h6 b5 40. axb5
cxb5 41. Ke5 Rd1 42. Nd6+ Kb6 43. Nxf7 a4 44. bxa4 bxa4 45. Kf6 Kb5 46. Kg7 Rd7
47. Rf3 Kb4 48. Kxh7 a3 49. Kg8 a2 50. Rf1 Kb3 51. h7 Rb7 52. Kg7 Rb8 53. Rf6
Kb2 54. Rf2+ Kb1 55. Rf1+ Kb2 56. Rf2+ Kb1 1/2-1/2

[Event "Strmilov 2004"]
[Site "?"]
[Date "2004.05.05"]
[Round "2"]
[White "Ducho, Pavel"]
[Black "Ruzicka, Vojtech"]
[Result "0-1"]
[WhiteElo "1471"]
[BlackElo "1772"]
[PlyCount "83"]

1. e4 e6 2. d4 d5 3. e5 c5 4. c3 Ne7 5. Nf3 Nd7 6. Be2 Nc6 7. O-O Qb6 8. Qb3
Qxb3 9. axb3 cxd4 10. Bb5 dxc3 11. Bxc6 bxc6 12. bxc3 Bc5 13. Nbd2 O-O 14. Ba3
Bxa3 15. Rxa3 Bb7 16. Rfa1 a6 17. Kf1 f6 18. exf6 Rxf6 19. Re1 Raf8 20. c4 e5
21. Re2 e4 22. Ne1 g5 23. b4 Ne5 24. Rg3 g4 25. f3 h5 26. h4 Ng6 27. Kg1 exf3
28. gxf3 Bc8 29. Rh2 Kh7 30. Kf2 Ne5 31. cxd5 gxf3 32. Rg5 Ng4+ 33. Kg3 Nxh2
34. Rxh5+ Kg7 35. Rg5+ Kh6 36. Kxh2 f2 37. Nd3 cxd5 38. Ne5 Re8 39. Kg2 d4 40.
Nef3 Re2 41. Rd5 Rxd2 42. Nxd2 0-1

[Event "Strmilov 2004"]
[Site "?"]
[Date "2004.05.05"]
[Round "2"]
[White "Hornak, Ivan"]
[Black "Kellner, Petr"]
[Result "0-1"]
[WhiteElo "1623"]
[BlackElo "1972"]
[PlyCount "66"]

1. d4 Nf6 2. Bf4 e6 3. Nf3 d5 4. e3 Be7 5. h3 O-O 6. c4 Bb4+ 7. Nc3 c6 8. Bd3
b6 9. O-O dxc4 10. Bxc4 a5 11. Qc2 Ba6 12. Bxa6 Nxa6 13. a3 Bd6 14. Bg5 Be7 15.
Bf4 Nh5 16. Bh2 Kh8 17. Rac1 c5 18. Nb5 Qd7 19. Qe2 Nf6 20. a4 Nd5 21. Rfd1 Qe8
22. Ne5 f5 23. Qf3 g5 24. Nc4 Qg6 25. Nc3 g4 26. hxg4 fxg4 27. Be5+ Nf6 28. Qf4
Nb4 29. Ne4 Nbd5 30. Qg5 Qxe4 31. f3 gxf3 32. gxf3 Qxf3 33. Rd2 Rg8 0-1

[Event "Strmilov 2004"]
[Site "?"]
[Date "2004.05.06"]
[Round "2"]
[White "Karlicek, Pavel"]
[Black "Cernousek, Lukas"]
[Result "0-1"]
[WhiteElo "1953"]
[BlackElo "2373"]
[PlyCount "98"]

1. e4 c5 2. c3 b6 3. d4 Bb7 4. Bd3 Nf6 5. Qe2 cxd4 6. cxd4 Nc6 7. Nf3 Nb4 8.
Nc3 Nxd3+ 9. Qxd3 e6 10. O-O Bb4 11. Re1 h6 12. a3 Bxc3 13. bxc3 d5 14. exd5
Bxd5 15. c4 Bxf3 16. Qxf3 Rc8 17. d5 O-O 18. Bb2 Rxc4 19. Bxf6 Qxf6 20. Qxf6
gxf6 21. dxe6 fxe6 22. Rxe6 Rfc8 23. Kf1 Kf7 24. Rd6 Ra4 25. Rd3 Rc2 26. Re1 b5
27. Re2 Rc1+ 28. Re1 Rc5 29. h3 h5 30. Rd7+ Kg6 31. Re3 h4 32. Ke2 Rg5 33. g4
Rc5 34. Kf1 Rc2 35. Ree7 Rxa3 36. Rg7+ Kh6 37. Rh7+ Kg5 38. Rh5+ Kg6 39. Rhh7
Kg5 40. Rh5+ Kg6 41. Rhh7 f5 42. gxf5+ Kg5 43. Rdg7+ Kf6 44. Rf7+ Ke5 45. Re7+
Kf4 46. Kg2 Rg3+ 47. Kf1 Rxh3 48. f6 Rh2 49. Ke1 Rh1# 0-1

[Event "Strmilov 2004"]
[Site "?"]
[Date "2004.05.05"]
[Round "2"]
[White "Klima, Lukas"]
[Black "Havluj, Zdenek"]
[Result "1-0"]
[WhiteElo "2426"]
[BlackElo "1958"]
[PlyCount "55"]

1. e4 d6 2. d4 Nf6 3. Nc3 g6 4. Be3 c6 5. h3 Qa5 6. Qd2 b5 7. e5 b4 8. exf6
bxc3 9. bxc3 exf6 10. Nf3 Bg7 11. Bd3 Ba6 12. O-O O-O 13. Bf4 d5 14. Rfe1 Nd7
15. Re7 Nb6 16. Bd6 Rfe8 17. Rxe8+ Rxe8 18. Re1 Rd8 19. Be7 Rc8 20. a3 Nc4 21.
Qf4 Qc7 22. Qh4 f5 23. Bc5 Bf8 24. Bxf8 Rxf8 25. Re7 Qd6 26. Rxa7 Qxa3 27. Qf4
Qa5 28. Qh6 1-0